000 00332nam a22000977a 4500
008 211101b ||||| |||| 00| 0 eng d
100 _aRobert Siegel Auction Galleries
245 _aBernard Faust Col. of United States 1863-68 Black Jack Issue (2018)
260 _bRobert Siegel Auction Galleries
650 _aBlack Jack| US Classic issues
999 _c3199
_d3199